| 000 | 00820nam a22002417a 4500 | ||
|---|---|---|---|
| 005 | 20100804134638.0 | ||
| 010 | _aENG-98077 | ||
| 020 |
_a9780198064497 _c445.00 |
||
| 020 | _a0198064497 | ||
| 035 | _aEN-81610 | ||
| 037 | _bDBAD/PUB | ||
| 082 | _a530 | ||
| 245 |
_aRemembering Einstein : _blectures on physics and astrophysics / _cedited by B V S reekantan |
||
| 260 |
_aNew Delhi _bOxford _c2010 |
||
| 270 |
_aYMCA Library Building Jai Singh Road _bNew Delhi _e110001 |
||
| 300 |
_axvi,148p _c23cm(Hb) |
||
| 650 |
_aAstrophysics _95991 |
||
| 650 |
_aPhysics _vz39.50 Search _95992 |
||
| 650 |
_aEinstein albert _95993 |
||
| 700 |
_aSreekantan,B V _95988 |
||
| 942 |
_2ddc _cEN _h530 _mREM |
||
| 999 |
_c39218 _d39218 |
||